Apèndix als Projectes d'Acord del Consell Permanent
Descripción Física:
34 p., [2] f., [3] f. pleg. ; 22 cm
MARC
| LEADER | 00000nam a2200000Ia 4500 | ||
|---|---|---|---|
| 001 | 373 | ||
| 008 | 160829s1917 xx 000 0 cat d | ||
| 080 | |a RF-4-17 | ||
| 110 | |a Catalunya. |b Mancomunitat. |b Consell Permanent |9 53060 | ||
| 245 | |a Apèndix als Projectes d'Acord del Consell Permanent | ||
| 260 | |a Barcelona : |b (Imp. de la Casa de Caritat), |c 1917 | ||
| 300 | |a 34 p., [2] f., [3] f. pleg. ; |c 22 cm | ||
| 590 | |a Hi ha un duplicat a: DUP-315 | ||
| 610 | 0 | |a Catalunya. |b Mancomunitat. |b Consell Permanent |9 53060 | |
| 650 | 0 | |a Camins |x Catalunya |x Manteniment i reparació |9 32541 | |
| 856 | 4 | |u https://media.diba.cat/diba/fitxers/arxiu/fulletons/bib_373_1917_baixa.pdf |y Accés lliure | |
| 856 | 4 | |u https://media.diba.cat/diba/fitxers/arxiu/fulletons/bib_373_1917_baixa.pdf |y Accés lliure | |
| 901 | |a Arxiu | ||
| 942 | |n 1 |2 udc | ||
| 952 | |0 0 |1 0 |4 0 |6 RF417 |7 1 |9 46027 |a Arxiu |b Arxiu |d 2016-12-01 |l 0 |o RF-4-17 |p 373 |r 2016-12-01 00:00:00 |w 2016-12-01 |y ARXIU | ||
| 999 | |c 49528 |d 49528 | ||
| 900 | |a bib_373_1917_baixa.pdf | ||